000 00416nam a2200157Ia 4500
008 151213s9999 xx 000 0 und d
020 _a0-340588284
100 _aEd. By Grace Nichols
245 _aCan & Bury . Slice of Sky
_cEd. By Grace Nichols
260 _aLondon
_bHodden Children'S Books
_c1996
300 _a6517 p.
650 _aEnglish
650 _aPoem
700 _aEd. By Grace Nichols
999 _c3606
_d3606